000 00329nam a2200097Ia 4500
008 220204s9999 xx 000 0 und d
082 _aNR:630*81:061.3
_bRRI
245 0 _aFirst National Seminar on Rubberwood, 12 December 1989, Rubber Research Institute of India, Kottayam. Abstracts
260 _aKottayam
_bRRII
_c1989
942 _cBK
999 _c44598
_d44598